000 00803nam0a22002531 4500
001 RU\NLR\INFOCOMM16\ROSSICA\1000475327
005 20250613193035.0
035 _a(NLR Aleph) 009963588
090 _a9612955
_c9612956
100 _a20030909d1899 |||y0rusy50 ca
101 0 _afre
102 _aRU
105 _ay ||||000ay
200 1 _aAdjudication publique des placers aurifères d'Okhotsk
_fMinistère de l'agriculture et des domaines d'état de Russie. Département des mines
210 _aSt.Pétersbourg
_d1899
215 _d
710 0 0 _aRussie
_bMinistère de l'agriculture et des domaines
_bDépartement des mines
_4070
801 1 _aRU
_bInfoComm
_c20030909
801 0 _aRU
_bNLR
_gPSBO
852 _aNLR
_j12.56.6.504
942 _cBOOK
980 _aNB
980 _aRossica